|
|
|
|
| LEADER |
00000nab a2200000 a 4500 |
| 001 |
vtls008769425 |
| 003 |
SK-MaSNL |
| 005 |
20260426082724.0 |
| 008 |
140429c2006 xo mr|p|||||||000 b|slo |
| 015 |
|
|
|a SNBRB2006/06
|2 snkbucl
|
| 038 |
|
|
|a SNKBUCL
|
| 040 |
|
|
|a SNKBUCL
|b slo
|c SNKBUCL
|e AACR2
|
| 041 |
0 |
|
|a slo
|
| 044 |
|
|
|a xo
|c SK
|
| 080 |
|
|
|a 76:061.4
|x (436)
|2 1997
|
| 080 |
|
|
|a 087.5:76:061.4
|x (436)
|2 1997
|
| 080 |
|
|
|a 008:061.237
|x (436)
|x (=162.4)
|2 1997
|
| 245 |
0 |
0 |
|a BIBIANA vo Viedni
|c [autor] (dv)
|
| 611 |
2 |
7 |
|a Bienále ilustrácií Bratislava
|n (20. :
|d 2005 :
|c Bratislava, Slovensko)
|2 snkbucl
|9 122563
|
| 611 |
2 |
7 |
|a Ilustrátori ocenení na BIB 2005
|g výstava
|d (2006 :
|c Viedeň, Rakúsko)
|2 snkbucl
|9 1425814
|
| 648 |
|
7 |
|a marec-apríl 2006
|2 snkbucl
|9 1237857
|
| 651 |
|
7 |
|a Viedeň (Rakúsko)
|2 snkbucl
|9 25604
|
| 773 |
0 |
|
|t Bibiana
|g Roč. XIII, č. 1 (2006), s. 54
|x 1335-7263
|
| 852 |
|
|
|a SNK
|b KIS3GCP
|
| 958 |
|
|
|a AT
|
| 999 |
|
|
|c 2883643
|d 2885573
|